000 00551nam a2200169Ia 4500
008 230925s9999||||xx |||||||||||||| ||und||
082 _a621.3 AZI
100 _aAziz, Yahya (318456)
_9118281
245 0 _aTechno-economic analysis of PV systems installed by using innovative strategies for smart sustainable agriculture farms /
260 _bUSPCAS-E, NUST,Islamabad :
_c2023
300 _axii, 56 p.
520 _aTH-501
650 _vMS Thesis
_918721
650 _vMS-EEP Thesis
700 _aDr. Muhammad Hassan
_9117268
942 _cTHE
_2ddc
999 _c603248
_d603248